ბათუმის შოთა რუსთაველის სახელმწიფო უნივერსიტეტის ბიბლიოთეკა

სამხრეთ ოსეთის" სტატუსის აღდგენა და ქართული პოლიტიკური აზრი 2004-2007 წლებში : (ბიბ.ჩანაწერი № 63310)

000 -ლიდერი
ფიქსირებული სიგრძის საკონტროლო ველი 02578nam a22002657a 4500
003 - საკონტროლო ნომრის იდენტიფიკატორი
საკონტროლო ველი Ge_BSU
005 - ბოლო ოპერაციის თარიღი და დრო
საკონტროლო ველი 20250801125552.0
008 - ფიქსირებული სიგრძის მონაცემთა ელემენტები - ზოგადი ინფორმაცია
ფიქსირებული სიგრძის საკონტროლო ველი 250801s2025 ge ||||| |||| 00| 0 geo d
020 ## - წიგნის საერთაშორისო სტანდარტული ნომერი
International Standard Book Number 9789941873812
041 ## - ენის კოდი
Language code of text/sound track or separate title geo
080 ## - უნივერსალური ათობითი კლასიფიკაციის ინდექსი
Universal Decimal Classification number 323.173(479.22:479.225):94(479.22:479.225) ვ-12
100 ## - მთავარი ჩანაწერი - პიროვნების სახელი
Personal name ვადაჭკორია, შოთა,
9 (RLIN) 25737
245 ## - ცნობა სათაურის შესახებ
Title სამხრეთ ოსეთის" სტატუსის აღდგენა და ქართული პოლიტიკური აზრი 2004-2007 წლებში :
Remainder of title (ისევ სერგო ორჯონიკიძისებურად) /
Statement of responsibility, etc შოთა ვადაჭკორია ; რედ.როინ მეტრეველი
264 ## - წარმოების, გამოცემის, დისტრიბუციის და სხვა ცნობები
გამოცემის, წარმოების, დისტრიბუციის... ადგილი თბილისი,
გამოცემის, წარმოების, დისტრიბუციის... თარიღი 2025.
300 ## - ფიზიკური აღწერა
Extent 200 გვ. :
Other physical details რუკები ;
Dimensions 20,5 სმ.
501 ## - შენიშვნა თანმხლებ მასალაზე
With note წიგნს ახლავს ავტორის მინაწერი.
504 ## - BIBLIOGRAPHY, ETC. NOTE
Bibliography, etc ბიბლიოგრაფია: გვ. 125-130.
520 ## - SUMMARY, ETC.
Summary, etc რეზიუმე ინგლისურ ენაზე.
653 ## - INDEX TERM--UNCONTROLLED
Uncontrolled term საქართველოს ხელისუფლებისგან, ქართულ სინამდვილეში "ოსეთის" და "სამხრეთ ოსეთის" გეოგრაფიულ ტოპონიმად შემოტანა - დამკვიდრების მცდელობა ; ქართულ-ოსური კონფლიქტის მოგვარების სამშვიდობო გეგმების პარადიგმები ; ვლადიმერ სანაკოევის "რუსული პროექტი" და საქართველოს ხელისუფლებისაგან " "სამხრეთ ოსეთის" პოლიტიკური წარმონაქმნის სამართლებრივი დაკანონება ; საარქივო დოკუმენტები ; რუკები.
653 ## - INDEX TERM--UNCONTROLLED
Uncontrolled term ქართულ-ოსური კონფლიქტი.
653 ## - INDEX TERM--UNCONTROLLED
Uncontrolled term ქართულ-ოსური ურთიერთობის ისტორია
700 ## - ADDED ENTRY--PERSONAL NAME
Personal name მეტრეველი,როინ
Relator term რედაქტორი
9 (RLIN) 302
710 ## - ADDED ENTRY--CORPORATE NAME
Corporate name or jurisdiction name as entry element საქართველოს მეცნიერებათა ეროვნული აკადემია.
9 (RLIN) 25738
942 ## - ADDED ENTRY ELEMENTS (KOHA)
Source of classification or shelving scheme
Koha item type წიგნი
ეგზემპლარები
ჩამოწერის სტატუსი დაკარგული ეგზემპლარის სტატუსი კლასიფიკაციის წყარო ან თაროზე გაწყობის სქემა დაზიანების სტატუსი არ გაიცემა მუდმივი მდებარეობა (დაცვის ადგილი) ამჟამინდელი ადგილსამყოფელი თაროზე განთავსების ადგილი შეძენის თარიღი ღირებულება, შესყიდვის ნორმალური ფასი სრული შენახვის შიფრი შტრიხკოდი ბოლო ოპერაციის თარიღი ეგზემპლარის მიმდევრობითი ნომერი (კეტერი?) ფასის ძალაში შესვლის თარიღი ეგზემპლარის სახეობა საჯარო შენიშვნა
          ბათუმის შოთა რუსთაველის სახელმწიფო უნივერსიტეტის მთავარი ბიბლიოთეკა ბათუმის შოთა რუსთაველის სახელმწიფო უნივერსიტეტის მთავარი ბიბლიოთეკა წიგნსაცავი 2025-08-01 8.00 323.173(479.22:479.225):94(479.22:479.225) ვ-12 72235 2025-08-01 72235 2025-08-01 წიგნი 8.00